000 00974nam a2200265 a 4500
001 79560
003 BD-RjUL
005 20220519161759.0
008 220315s2004 bg a|||| m||| 00| 0 eng d
035 _a(BD-RjUL)79560
040 _aBD-RjUL
_beng
_cBD-RjUL
_dBD-RjUL
041 _aeng
082 _a338.17318
_bALC 2004
_223
100 _aAlam, Md. Nur
_91870
245 0 1 _aContractual Arrangements for Rice Cultivation in Bangladesh /
_cMd. Nur Alam ;
_6Supervisor : M. Mohsin Ali
260 _aRajshahi :
_bInstitute of Bangladesh, Rajshahi University,
_c2004
300 _axxi, 272 Leaves :
_bill. ;
_c29 cm.
502 _aThesis (Ph. D.) -- Institute of Bangladesh, Rajshahi University, 2004
504 _aBibliography : Leaves [243]-254
600 _d
_93079
650 _aRice
_xEconomic aspects
_zBangladesh
_93076
650 _aLand tenure
_xLaw and legislation
_zBangladesh
_93077
700 _aAli, M. Mohsin, Supervisor
_91843
942 _2ddc
_cTHE
999 _c79560
_d79560